| 000 | 00592nam a22001937a 4500 | ||
|---|---|---|---|
| 005 | 20180622120800.0 | ||
| 010 | _aENG-123294 | ||
| 020 |
_c1450.00 _a978181523662 |
||
| 035 | _aEN-106826 | ||
| 037 | _bDBAD/PUB | ||
| 082 | _a370.1523 | ||
| 245 |
_aLearning and school education/ _cedited by Najma Begum |
||
| 260 |
_aJaipur _bBook Enclave _c2015 |
||
| 270 |
_aF-11,S.S. Tower, Dhamani Street, Chaura Rasta, _bJaipur _e302003 |
||
| 300 |
_a296p. _c22cm(Hb) |
||
| 500 | _ait includes bibliography [and] index | ||
| 700 | _aNajma Begum | ||
| 942 |
_2ddc _cEN _mLEA _h370.1523 |
||
| 999 |
_c152958 _d152958 |
||